Small Incision Manual Cataract Surgery : (Record no. 607729)

MARC details
000 -LEADER
fixed length control field 00521nam a2200193 a 4500
008 - FIXED-LENGTH DATA ELEMENTS--GENERAL INFORMATION
fixed length control field 260108s2004##################000#0#eng##
020 ## - INTERNATIONAL STANDARD BOOK NUMBER
ISBN 9962613248
082 04 - DEWEY DECIMAL CLASSIFICATION NUMBER
Classification number 617.742
Item number BLU
100 1# - MAIN ENTRY--AUTHOR NAME
Personal name Blumenthal, Michael,
245 10 - TITLE STATEMENT
Title Small Incision Manual Cataract Surgery :
260 ## - PUBLICATION, DISTRIBUTION, ETC. (IMPRINT)
Name of publisher Highlights of Ophthalmology,
Year of publication 2004.
300 ## - PHYSICAL DESCRIPTION
Number of Pages 230 pages
650 #0 - SUBJECT ADDED ENTRY--TOPICAL TERM
Topical Term Medical.
942 ## - ADDED ENTRY ELEMENTS (KOHA)
Koha item type English Books

No items available.

Find us on the map